[Event "POL-ch U14"]
[Site "Uniejow"]
[Date "2021.07.25"]
[Round "9"]
[White "Ugorek, Kacper"]
[Black "Partyka, Wiktor"]
[Result "1/2-1/2"]
[WhiteElo "1569"]
[BlackElo "1254"]
[PlyCount "118"]
[EventDate "2021.07.18"]
[EventType "swiss"]
[EventRounds "9"]
[EventCountry "POL"]
[SourceTitle "EXT 2022"]
[Source "ChessBase"]
[SourceDate "2021.10.06"]
[SourceVersion "1"]
[SourceVersionDate "2021.10.06"]
[SourceQuality "1"]

1. e4 e6 2. d4 d5 3. Nc3 Nf6 4. e5 Nfd7 5. f4 c5 6. Nf3 Nc6 7. Be3 cxd4 8. Nxd4 Bc5 9. Qd2 0-0 10. Be2 Nxd4 11. Bxd4 Qb6 12. Na4 Qc6 13. Nxc5 Nxc5 14. Qe3 b6 15. 0-0 Ne4 16. c3 Bb7 17. Rf3 Qa4 18. Bd1 Qb5 19. b3 Rac8 20. a4 Qd7 21. Be2 Rfd8 22. Rc1 Nc5 23. Rb1 Qe7 24. a5 Ne4 25. axb6 axb6 26. b4 Rc6 27. Bb5 Rc7 28. Bxb6 Rxc3 29. Bxd8 Qxd8 30. Qd4 Rc2 31. Bd3 Rd2 32. Qe3 h6 33. Qa7 Qc8 34. Re1 Nc3 35. Qe3 Ne4 36. Bxe4 dxe4 37. Qxd2 exf3 38. gxf3 Bxf3 39. Re3 Bd5 40. Rc3 Qb7 41. Rc1 Qa7+ 42. Qf2 Qa3 43. Rc8+ Kh7 44. Qd2 Qa7+ 45. Rc5 Qa1+ 46. Rc1 Qa7+ 47. Kf1 Qa3 48. Qc3 Qa6+ 49. Kf2 Qa7+ 50. Kg3 Be4 51. Re1 Bd5 52. b5 Qa2 53. Qd3+ g6 54. Re2 Qa5 55. Kf2 Qb4 56. Ke3 Bc4 57. Qd2 Qc5+ 58. Kf3 Bd5+ 59. Kg3 Qg1+ 1/2-1/2

[Event "POL-ch U14"]
[Site "Uniejow"]
[Date "2021.07.22"]
[Round "5"]
[White "Partyka, Wiktor"]
[Black "Grzebieniowski, Michal"]
[Result "0-1"]
[WhiteElo "1254"]
[BlackElo "1663"]
[PlyCount "80"]
[EventDate "2021.07.18"]
[EventType "swiss"]
[EventRounds "9"]
[EventCountry "POL"]
[SourceTitle "EXT 2022"]
[Source "ChessBase"]
[SourceDate "2021.10.06"]
[SourceVersion "1"]
[SourceVersionDate "2021.10.06"]
[SourceQuality "1"]

1. c4 c6 2. Nc3 d5 3. d4 Nf6 4. g3 dxc4 5. Bg2 e6 6. e4 b5 7. Nge2 Bb7 8. 0-0 Be7 9. Be3 0-0 10. Rc1 Na6 11. a3 Nc7 12. f4 Qd7 13. f5 exf5 14. Rxf5 Rad8 15. Qe1 Ne6 16. Rd1 a6 17. Bh3 Qc7 18. Qf2 Bc8 19. d5 cxd5 20. exd5 Nc5 21. d6 Bxd6 22. Rxf6 Nd3 23. Qf3 Bxh3 24. Nd5 Qd7 25. Nc1 Bg4 26. Rxd6 Bxf3 27. Rxd7 Rxd7 28. Nxd3 cxd3 29. Nb6 Bxd1 30. Nxd7 Re8 31. Bf4 Bg4 32. Nc5 Re1+ 33. Kf2 Re2+ 34. Kf1 d2 35. Bxd2 Rxd2 36. Nxa6 Rxb2 37. Nc7 Be2+ 38. Ke1 Bc4 39. Na8 Ra2 40. Nb6 Rxa3 0-1

[Event "POL-ch U14"]
[Site "Uniejow"]
[Date "2021.07.22"]
[Round "6"]
[White "Wieckowski, Michal"]
[Black "Partyka, Wiktor"]
[Result "1-0"]
[WhiteElo "1614"]
[BlackElo "1254"]
[PlyCount "85"]
[EventDate "2021.07.18"]
[EventType "swiss"]
[EventRounds "9"]
[EventCountry "POL"]
[SourceTitle "EXT 2022"]
[Source "ChessBase"]
[SourceDate "2021.10.06"]
[SourceVersion "1"]
[SourceVersionDate "2021.10.06"]
[SourceQuality "1"]

1. b3 e6 2. Bb2 d5 3. f4 c5 4. Nf3 Nc6 5. e3 Nf6 6. Bb5 Bd7 7. 0-0 a6 8. Bxc6 Bxc6 9. Qe1 Be7 10. d3 Qb6 11. Ne5 Rg8 12. Nd2 Nd7 13. c4 f6 14. Nxc6 Qxc6 15. d4 Nb6 16. Rc1 Rc8 17. Qh4 h6 18. f5 Qd7 19. fxe6 Qxe6 20. e4 dxc4 21. d5 Qf7 22. bxc4 Nd7 23. Qh3 Kd8 24. e5 Qg6 25. d6 Bf8 26. e6 Bxd6 27. exd7 Rc7 28. Qe6 Rxd7 29. Qxg8+ Kc7 30. Nf3 Qd3 31. Qe6 Re7 32. Qd5 Qg6 33. Rce1 Rd7 34. Qe4 Qh5 35. Bc3 g5 36. Qe8 Qg4 37. Qe6 Qxe6 38. Rxe6 f5 39. Ne5 Bxe5 40. Bxe5+ Kd8 41. Rxf5 Re7 42. Rxe7 Kxe7 43. Rf6 1-0

[Event "POL-ch U14"]
[Site "Uniejow"]
[Date "2021.07.21"]
[Round "4"]
[White "Nagly, Wojciech"]
[Black "Partyka, Wiktor"]
[Result "0-1"]
[WhiteElo "1514"]
[BlackElo "1254"]
[PlyCount "130"]
[EventDate "2021.07.18"]
[EventType "swiss"]
[EventRounds "9"]
[EventCountry "POL"]
[SourceTitle "EXT 2022"]
[Source "ChessBase"]
[SourceDate "2021.10.06"]
[SourceVersion "1"]
[SourceVersionDate "2021.10.06"]
[SourceQuality "1"]

1. e4 e6 2. d4 d5 3. exd5 exd5 4. c4 c6 5. Nc3 Nf6 6. Bg5 Be7 7. Nf3 0-0 8. Bd3 Be6 9. c5 b6 10. b4 h6 11. Bf4 Nbd7 12. 0-0 Re8 13. Qa4 b5 14. Qa6 Qc8 15. Qa3 a5 16. bxa5 Qa6 17. Bd2 Bd8 18. Nd1 Bxa5 19. Bxa5 Qxa5 20. Qb3 Bg4 21. Nh4 Qa4 22. Qb2 Nf8 23. Ne3 Bd7 24. Bc2 Qa3 25. Qxa3 Rxa3 26. Nhf5 Ne4 27. f3 Nc3 28. Bb3 Ne2+ 29. Kf2 Bxf5 30. Kxe2 Bc2 31. Kf2 Bxb3 32. axb3 Rxb3 33. Rfb1 Rbxe3 34. Ra6 Re2+ 35. Kg3 Rc8 36. f4 Ne6 37. Rd1 Re4 38. f5 Nxd4 39. Rf1 Nb3 40. f6 g6 41. Kh3 Nxc5 42. Ra7 d4 43. Rfa1 Na4 44. Kg3 Re6 45. Rf1 d3 46. Rd7 Rce8 47. h4 Nc5 48. Rd4 Ne4+ 49. Kh3 Rd6 50. Rxd6 Nxd6 51. Rd1 Ne4 52. Kh2 Rd8 53. g4 d2 54. g5 h5 55. Kg2 Nc3 56. Rxd2 Rxd2+ 57. Kf3 Re2 58. Kf4 Re4+ 59. Kf3 b4 60. Kf2 b3 61. Kf3 b2 62. Kf2 b1Q 63. Kf3 Qf1+ 64. Kg3 Rg4+ 65. Kh2 Qg2# 0-1